000 00871nam a2200253Ia 4500
003 OSt
005 20210520153526.0
008 210310s1975 mx fr 000 0 spa d
040 _aCO-JMCR
_cCO-JMCR
041 1 _aspa
_hrus
082 0 4 _a335.412 /
_bM392e1
_223
100 1 _aMarx, Karl,
_96329
_eautor
245 1 0 _aElementos fundamentales para la crítica de la economía política :
_b(borrador) 1857-1858 /
_cKarl Marx
250 _aCuarta edición
260 _aMéxico :
_bSiglo XXI,
_c1975
300 _alii, 500 páginas ;
_c23 cm.
490 0 _aPensamiento fundamental
500 _aIncluye notas a pie de página.
505 0 _aEl Marx desconocido por Martin Nicolaus -- El capítulo del dinero -- El capítulo del capital
546 _aTraducido del ruso.
650 1 4 _aCapitalismo
_915609
650 2 4 _aEconomía política
_937736
942 _2ddc
_cBK
999 _c7843
_d7843